000 00572cam a2200205 4500
001 J1576
008 090401t1993 xxu||||| |||| 00| 0 eng d
035 _a(Sirsi) u44295
041 _aeng
110 _aEurope
_bEuropean Communities Commission
_9698
245 _aCommission Regulation (EEC) No 619/93 of 17 March 1993 on improving the quality of milk in the Community.
260 _c1993
300 _a(5)p. ; 30cm.
350 _a0
650 _aEC REGULATIONS
650 _aEUROPEAN COMMUNITY
650 _aMILK PRODUCTION
942 _n0
948 _c04/03/1997
999 _c91481
_d91481